Stand der Anwendungen Neurowissenschaftlicher Methoden und des Neuromarketing im Restaurantbereich

Salvato in:
Dettagli Bibliografici
Autore principale: Hadifar, Siamak
Natura: Capitolo di libro
Lingua:tedesco
Tags: Aggiungi Tag
Nessun Tag, puoi essere il primo ad aggiungerne!!

MARC

LEADER 00000nla a2200000 4500
001 0226703
005 20240502073732.7
041 0 |a ger 
044 |a SK 
245 1 0 |a Stand der Anwendungen Neurowissenschaftlicher Methoden und des Neuromarketing im Restaurantbereich  |c Siamak Hadifar 
100 1 |a Hadifar, Siamak